| 000 | 00722nas a2200241 4500 | ||
|---|---|---|---|
| 001 | BR7906146 | ||
| 003 | BR-BrBNA | ||
| 005 | 20231205083947.0 | ||
| 007 | ta | ||
| 008 | 230509b bl.|||p| |||| 00| 00por d | ||
| 040 |
_aBR-BrBNA _bpor _cBiblioteca Nacional de Agricultura |
||
| 041 | _a(En, Pt) | ||
| 072 | _aE70 | ||
| 100 | 1 | _aWambier, T. | |
| 245 | 1 | _aColombia, uma complexa e sofisticada politica de comercializacao [Cafe] | |
| 650 | _aComercializacao | ||
| 650 | _aCafe | ||
| 650 | _aPolitica comercial | ||
| 650 | _aColombia | ||
| 773 | 0 |
_tRevista do Comercio de Cafe (Brazil) _xISSN 0034-9224 _g(Sep 1979), v. 59(651) p. 6-10 _wBR7906146 |
|
| 909 |
_a202311 _bLúcia _c55 _dLúcia Elande |
||
| 942 |
_2AGRIS _n0 _cANA |
||
| 999 |
_c102264 _d102264 |
||